Counties by Letter: W - Statistics

General Stats
  • This quiz has been taken 39 times
  • The average score is 97 of 212
Answer Stats
State County % Correct
Alabama | Arkansas | Colorado | +28 others Washington
83%
Illinois Will
78%
North Dakota | Ohio Williams
78%
Georgia | Illinois | Indiana | +13 others Wayne
72%
Ohio | Texas | West Virginia | Wisconsin Wood
72%
Alabama | Georgia | Texas Walker
67%
Kansas | North Carolina | Tennessee | Texas Wilson
67%
Arkansas | Georgia | Illinois | +2 others White
61%
Florida | Georgia Walton
56%
North Dakota | Texas Ward
56%
Illinois | Tennessee | Texas Williamson
56%
Georgia | Illinois | Indiana | +11 others Warren
50%
Alabama | Mississippi Winston
50%
Illinois | Indiana Wabash
44%
North Carolina Wake
44%
Georgia | Iowa | Kentucky | +5 others Webster
44%
South Carolina | Virginia Williamsburg
44%
Louisiana Winn
44%
Georgia | Iowa | Missouri Worth
44%
New York | Pennsylvania | West Virginia Wyoming
44%
Kansas Wallace
39%
Georgia Ware
39%
Nevada Washoe
39%
Indiana | North Dakota Wells
39%
Minnesota Wilkin
39%
Illinois | Iowa | Wisconsin Winnebago
39%
Oklahoma Woods
39%
Maryland | Massachusetts Worcester
39%
Washington Walla Walla
33%
Texas Waller
33%
Wisconsin Waukesha
33%
New York Westchester
33%
Pennsylvania | Virginia Westmoreland
33%
Texas Wharton
33%
Georgia | Nebraska | Oregon | Texas Wheeler
33%
Nevada White Pine
33%
Kansas | Texas Wichita
33%
Alabama | Georgia Wilcox
33%
Georgia | North Carolina Wilkes
33%
Connecticut | Vermont Windham
33%
Vermont Windsor
33%
Texas | Virginia Wise
33%
Iowa | Minnesota | Missouri Wright
33%
South Dakota | Wisconsin Walworth
28%
Utah Wasatch
28%
Oklahoma Washita
28%
North Carolina Watauga
28%
Texas Webb
28%
Utah Weber
28%
Louisiana West Baton Rouge
28%
Louisiana West Carroll
28%
Wyoming Weston
28%
Michigan Wexford
28%
Illinois Whiteside
28%
Indiana | Kentucky Whitley
28%
Washington Whitman
28%
Georgia | Mississippi Wilkinson
28%
Illinois | Kentucky Woodford
28%
Ohio Wyandot
28%
Minnesota Wabasha
22%
North Dakota Walsh
22%
Oregon Wasco
22%
Wyoming Washakie
22%
Wisconsin Waushara
22%
Louisiana West Feliciana
22%
Montana Wheatland
22%
Maryland Wicomico
22%
Iowa Winneshiek
22%
Kansas Woodson
22%
Kansas Wyandotte
22%
Virginia Wythe
22%
Kansas Wabaunsee
17%
Minnesota Wadena
17%
Oklahoma Wagoner
17%
Washington Wahkiakum
17%
Florida Wakulla
17%
Oregon Wallowa
17%
Iowa Wapello
17%
Minnesota Waseca
17%
Wisconsin Waupaca
17%
Tennessee Weakley
17%
Colorado Weld
17%
Washington Whatcom
17%
Georgia Whitfield
17%
Texas Wilbarger
17%
Texas Willacy
17%
Texas Winkler
17%
Iowa Woodbury
17%
Arkansas Woodruff
17%
Oklahoma Woodward
17%
Alaska Wrangell
17%
Maine Waldo
11%
Mississippi Walthall
11%
Indiana Warrick
11%
Wisconsin Washburn
11%
Michigan Washtenaw
11%
West Virginia Wetzel
11%
Montana Wibaux
11%
Virginia Winchester
11%
Minnesota Winona
11%
West Virginia Wirt
11%
Kentucky Wolfe
11%
Minnesota Watonwan
6%
Virginia Waynesboro
6%
No matching quizzes found
Score Distribution
Percent of People with Each Score
Percentile by Number Answered
Your Score History
You have not taken this quiz